| 000 | 00657nam a22002531 4500 | ||
|---|---|---|---|
| 999 |
_c1884 _d1884 |
||
| 001 | 1386460 | ||
| 003 | OCoLC | ||
| 005 | 20180921170700.0 | ||
| 008 | 800122s1967 nyu 000 0 eng | ||
| 010 | _a67011178 | ||
| 035 | _a0621488 | ||
| 040 |
_aDLC _cDLC _dm.c |
||
| 050 | 0 |
_aPS3515.O4457 _bL6 |
|
| 082 | 0 |
_a818.5 _bH749L |
|
| 090 |
_aPS3515.O446 _bL6 |
||
| 090 | 0 | 0 |
_aPS3515.O446 _bL6 |
| 100 | 1 |
_aHolmes, Marjorie, _d1910-2002 |
|
| 245 | 1 | 0 | _aLove and laughter |
| 250 | _a[1st ed.] | ||
| 260 |
_aGarden City, N.Y., _bDoubleday, _c1967 |
||
| 300 |
_axv, 220 p. _c22 cm |
||
| 500 | _aCollection of 147 short sketches by the author | ||
| 942 |
_2ddc _cBK |
||